Tìm hiểu và bình luận các tội xâm phạm trật tự quản lí kinh tế trong Bộ luật hình sự sửa đổi 1999 Tìm hiểu pháp luật phổ thông
Bewaard in:
| Hoofdauteur: | |
|---|---|
| Formaat: | Boek |
| Taal: | Undetermined |
| Gepubliceerd in: |
Tp. Hồ Chí Minh
Nxb. Tp. Hồ Chí Minh
2001
|
| Onderwerpen: | |
| Tags: |
Voeg label toe
Geen labels, Wees de eerste die dit record labelt!
|
| Thư viện lưu trữ: | Trung tâm Học liệu Trường Đại học Cần Thơ |
|---|
| LEADER | 00738nam a2200193Ia 4500 | ||
|---|---|---|---|
| 001 | CTU_43362 | ||
| 008 | 210402s9999 xx 000 0 und d | ||
| 082 | |a 345.597026 | ||
| 082 | |b Đ307 | ||
| 100 | |a Nguyễn, Ngọc Điệp | ||
| 245 | 0 | |a Tìm hiểu và bình luận các tội xâm phạm trật tự quản lí kinh tế trong Bộ luật hình sự sửa đổi 1999 | |
| 245 | 0 | |b Tìm hiểu pháp luật phổ thông | |
| 245 | 0 | |c Nguyễn Ngọc Điệp, Bùi Anh Tuấn | |
| 260 | |a Tp. Hồ Chí Minh | ||
| 260 | |b Nxb. Tp. Hồ Chí Minh | ||
| 260 | |c 2001 | ||
| 650 | |a Criminal laws | ||
| 650 | |z Vietnam | ||
| 980 | |a Trung tâm Học liệu Trường Đại học Cần Thơ | ||